000 00550nam a2200157 a 4500
001 000030317
005 20200930060227.0
008 110509s1997 dr 000 0 spa d
040 _aDO-SdBNP
_bspa
_cBNPHU
082 _axxx
_bE56c
245 0 0 _aEncuesta a los centros educativos primarios del Distrito Nacional.
260 _aSanto Domingo :
_bAcción para la Educación Básica (EDUCA) ;
_bCentro de Estudios Sociales y Demográficos (CESDEM,
_c1997.
300 _a22 p. ;
_c28 cm.
500 _aIncluye notas al pie de las páginas
049 _aBNPD
999 _c29809
_d29809